000 00453nam a22001817a 4500
003 koha_MIRAKIL
005 20231213095651.0
008 231213b |||||||| |||| 00| 0 ||| d
020 _b978-9-75363904-0
040 _aTR-IsEVY
_btur
_cTR-IsEVY
082 _a811.42 ÇEL/B
100 _aÇELEBİ, ASAF HALET.
245 0 _aBÜTÜN ŞİİRLERİ.
260 _bYapı Kredi,
_c2013
300 _a128.
650 _aTürk Edebiyatı.
942 _2ddc
_cBK
999 _c7449
_d7449